Personajes Históricos - Estadísticas

Estadísticas generales
  • Esta prueba ha sido intentada 2.316 veces
  • La puntuación promedio es 81 de 184
Estadísticas de respuestas
Imagen Respuesta % Correcto
Adolf Hitler
91%
Albert Einstein
91%
Michael Jackson
91%
Diego Armando Maradona
90%
Charles Chaplin
89%
Isabel II de Inglaterra
89%
Cleopatra VII
88%
Anna Frank
87%
Freddie Mercury
87%
Neil Armstrong
87%
Diana de Gales
86%
John F. Kennedy
86%
Salvador Dalí
86%
John Lennon
84%
Bob Marley
83%
Jesucristo
83%
Ludwig van Beethoven
83%
Mahatma Gandhi
83%
Muhammad Ali
83%
Nelson Mandela
83%
Abraham Lincoln
82%
Frida Kahlo
82%
Marilyn Monroe
82%
Francisco Franco
81%
Julio César
81%
Marie Curie
81%
Miguel de Cervantes
79%
Napoleón Bonaparte
79%
Elvis Presley
78%
Stephen Hawking
78%
Fidel Castro
77%
Steve Jobs
77%
Winston Churchill
77%
Teresa de Calcuta
76%
Vincent van Gogh
76%
Tutankamón
74%
Wolfgang Amadeus Mozart
74%
Juana de Arco
73%
Martin Luther King Jr.
73%
Karl Marx
72%
Aristóteles
71%
Bruce Lee
71%
Charles Darwin
71%
David Bowie
71%
Iósif Stalin
71%
Nikola Tesla
71%
Pelé
71%
Cristóbal Colón
70%
Pablo Picasso
70%
Kurt Cobain
68%
Al Capone
67%
Buda
66%
Alejandro Magno
65%
Grigori Rasputin
64%
Lenin
64%
Pitágoras
63%
Tupac Shakur
63%
Benito Mussolini
62%
Simón Bolívar
61%
Isaac Newton
60%
Enrique VIII de Inglaterra
59%
Margaret Thatcher
57%
Victoria I de Inglaterra
57%
George Washington
56%
Leonardo da Vinci
56%
Augusto
55%
René Descartes
55%
Martín Lutero
54%
William Shakespeare
54%
Edgar Allan Poe
53%
Mao Zedong
53%
Ronald Reagan
53%
Johann Sebastian Bach
52%
Sigmund Freud
52%
Frank Sinatra
51%
Otto von Bismarck
51%
Antonio Vivaldi
47%
Luis XIV de Francia
46%
Marlon Brando
46%
Mijaíl Gorbachov
46%
Nicolás Maquiavelo
45%
Platón
44%
Luciano Pavarotti
43%
Thomas Alva Edison
43%
Confucio
42%
Fernando el Católico
42%
Gabriel García Márquez
42%
Hirohito
42%
Walt Disney
42%
Adolfo Suárez
41%
Friedrich Nietzsche
41%
Henry Ford
41%
Sócrates
41%
Alfred Hitchcock
40%
Augusto Pinochet
40%
Oscar Wilde
40%
Robert Oppenheimer
40%
Vlad III
39%
Alexander Fleming
38%
Gengis Kan
38%
Ivan el Terrible
38%
Nicolás Copérnico
38%
Francisco de Goya
36%
Malcolm X
36%
Niki Lauda
36%
Carlomagno
35%
Franklin D. Roosevelt
35%
Galileo Galilei
35%
San Pedro
35%
Yuri Gagarin
35%
Amelia Earhart
31%
Charles de Gaulle
31%
Andy Warhol
30%
Tomás de Aquino
30%
Fiódor Dostoyevski
28%
Marco Aurelio
28%
Agustín de Hipona
27%
Hernán Cortés
27%
Justiniano I
27%
Miguel Ángel
27%
Mahoma
26%
Ho Chi Minh
25%
Antoni Gaudí
24%
Francisco Pizarro
24%
Homero
24%
Immanuel Kant
24%
Thomas Jefferson
24%
Virginia Woolf
24%
Aníbal Barca
22%
Charles Dickens
22%
John Locke
22%
Marco Polo
22%
Ciro II el Grande
21%
Constantino I
21%
Jesse Owens
21%
John D. Rockefeller
21%
Pol Pot
21%
Bill Russell
20%
Josip Broz Tito
20%
Espartaco
19%
Friedrich Engels
19%
Leopoldo II
19%
Trajano
18%
Greta Garbo
17%
Katharine Hepburn
17%
Pedro I de Rusia
17%
San Pablo de Tarso
17%
James Stewart
16%
Voltaire
16%
Babe Ruth
15%
Francis Bacon
15%
Guillermo Marconi
15%
Victor Hugo
15%
Zoroastro
15%
Duque de Wellington
14%
Johannes Gutenberg
14%
Oliver Cromwell
14%
Adam Smith
13%
Alfred Nobel
13%
Denis Diderot
13%
James Cook
13%
Lao Tse
13%
Louis Pasteur
13%
Guillermo el Conquistador
12%
Mehmed II
12%
Antoine Lavoisier
11%
Goethe
11%
Michael Faraday
11%
Richard Feynman
11%
Vercingetórix
11%
Claude Monet
10%
Federico II el Grande
10%
Saladino
10%
Frederick Douglass
9%
Otón el Grande
9%
Shaka Zulú
9%
Auguste Rodin
8%
Qin Shi Huang
8%
Robert Mugabe
8%
Urbano II
8%
Vasco da Gama
8%
Molière
7%
Oda Nobunaga
6%
Tamerlán
6%
No se encontraron pruebas coincidentes
Distribución de puntuación
Porcentaje de gente con cada puntuación
Porcentaje por número respondido
Historial de tus puntuaciones
No has intentado esta prueba.